Evansville Regional Airport Destinations (Evansville, IN, USA) - Statistics

General Stats
  • This quiz has been taken 57 times
    39 since last reset
  • The average score is 6 of 8
Answer Stats
Airline Destination % Correct
American Eagle Chicago (O'Hare)
96%
American Eagle Dallas/Fort Worth
92%
Delta Connection Atlanta
88%
American Eagle Charlotte
79%
Allegiant Air Orlando/Sanford
75%
Breeze Airways Orlando
71%
Allegiant Air Destin/Fort Walton Beach
50%
Allegiant Air St. Petersburg/Clearwater
50%
No matching quizzes found
Score Distribution
Percent of People with Each Score
Percentile by Number Answered
Your Score History
You have not taken this quiz since the last reset